Foreign policy analysis : continuity and change in its second generation

Αποθηκεύτηκε σε:
Λεπτομέρειες βιβλιογραφικής εγγραφής
Κύριος συγγραφέας: Neack, Laura
Άλλοι συγγραφείς: Hey, Jeanne A. K., Haney, Patrick Jude
Μορφή: Βιβλίο
Γλώσσα:English
Δημοσίευση: Englewood Cliffs, New Jersey : Prentice Hall, c1995
Θέματα:
Ετικέτες: Προσθήκη ετικέτας
Δεν υπάρχουν, Καταχωρήστε ετικέτα πρώτοι!

MARC

LEADER 00000nam a2200000 i 4500
001 1/95121
008 991206s1995 eng d
020 |a 0-13-060575-1 
035 |l 10055157 
040 |a GR-MY-UA  |b gre  |e aacr 
041 0 |a eng 
082 0 |a 327.101 
100 1 |a Neack, Laura. 
245 1 0 |a Foreign policy analysis :  |b continuity and change in its second generation /  |c Laura Neack, Jeanne A.K. Key, Patrick J. Haney 
260 |a Englewood Cliffs, New Jersey :   |b Prentice Hall,   |c c1995 
300 |a xi, 319 p. 
504 |a Includes bibliography and index 
650 0 0 |a International relations  |x Research. 
650 0 0 |a International relations  |x Study and teaching. 
700 0 |a Hey, Jeanne A. K. 
700 0 |a Haney, Patrick Jude. 
852 |a INST  |b CHIOS  |e 19991206  |h 327.101 NEA  |p 005200019369  |q 005200019369  |t BK  |y 0 
901 |a BIBL2-1999-3 
909 |a Χ  |b 070720 
922 |a 2ΕΛΗ  |b 199911  |c ΤΝΕΥ  |d ΠΑΠΑΣΩΤΗΡΙΟΥ 
950 |a 125-1999-07-15 
970 |a ΣΠΕΝΤΖΑ  |b ΕΛΕΝΗ  |z 1999/12/07